Guess the 1960s song lyrics #188 - Statistics

General Stats
  • This quiz has been taken 14 times
  • The average score is 169 of 249
Answer Stats
Answer % Correct
I
92%
me
92%
you
92%
And
83%
and
83%
by
83%
do
83%
go
83%
If
83%
if
83%
In
83%
on
83%
see
83%
the
83%
The
83%
to
83%
all
75%
cry
75%
that
75%
Walk
75%
walk
75%
we
75%
When
75%
can't
67%
don't
67%
Don't
67%
get
67%
Just
67%
just
67%
so
67%
So
67%
stop
67%
time
67%
walkin
67%
down
58%
have
58%
said
58%
start
58%
tears
58%
you'll
58%
Dionne Warwick
50%
each
50%
gave
50%
left
50%
let
50%
Make
50%
meet
50%
Now
50%
over
50%
street
50%
break
42%
cause
42%
goodbye
42%
leave
42%
never
42%
that's
42%
blue
33%
broken
33%
Foolish
33%
pride
33%
seem
33%
Baby
25%
believe
25%
gotta
25%
losin
25%
really
25%
sadness
25%
hide
17%
grieve
8%
private
8%
No matching quizzes found
Score Distribution
Percent of People with Each Score
Percentile by Number Answered
Your Score History
You have not taken this quiz